Quiz o Baranowie Sandomierskim - Statystyki

Ogólne statystyki
  • Ten quiz został rozwiązany 12 razy
  • Średni wynik to 7 z 15
Statystyki odpowiedzi
Pytanie Odpowiedź % Poprawnych
W jakim powiecie leży Baranów Sandomierski? Tarnobrzeskim
100%
W którym wieku Baranów Sandomierski uzyskał prawa miejskie? XIV
75%
Z którego wieku pochodzi najstarszy drewniany krzyż w Baranowie Sandomierskim? XIX
75%
Z jakiego wieku on pochodzi? XVI
75%
W którym wieku Baranów Sandomierski został zniszczony przez pożar? XVII
75%
Jak potocznie nazywany jest zamek w Baranowie Sandomierskim? Mały Wawel
63%
Który znany film historyczny kręcono na terenie zamku w Baranowie Sandomierskim? Czarne Chmury
38%
Który polski król nadał Baranowowi Sandomierskiemu prawa miejskie? Kazimierz Wielki
38%
Jak nazywa się największa sala w zamku Baranów Sandomierski? Sala {Rycerska}
38%
Kto zlecił wzniesienie obecnego kościoła parafialnego w Baranowie Sandomierskim? Stanisław Leszczyński
38%
Kto jest burmistrzem Baranowa Sandomierskiego? Marek Mazur
25%
Jaką nazwę nosi miejscowa drużyna piłkarska w Baranowie Sandomierskim? Wisła Baranów Sandomierski
25%
Jaką nazwę nosi słynny zamek w Baranowie Sandomierskim? Zamek Leszczyńskich
25%
Pod czyim wezwaniem jest główny kościół parafialny w Baranowie Sandomierskim? św. Jana Chrzciciela
13%
Który polski malarz wykonał polichromie w zamku w Baranowie Sandomierskim? Tadeusz Kuntze
13%
Nie znaleziono quizów pasujących do podanych kryteriów
Rozkład punktacji
Procent ludzi z każdym wynikiem
Percentyl według liczby udzielonych odpowiedzi
Twoja historia wyników
Nie rozwiązałeś tego quizu